| 000 | 00909nam a22002057a 4500 | ||
|---|---|---|---|
| 999 |
_c8914 _d8914 |
||
| 003 | AR-CdUCM | ||
| 008 | 190326b ||||| |||| 00| 0 spa d | ||
| 040 |
_aMUNICIPALIDAD PROVINCIAL DEL CUSCO _cBIBLIOTECA MUNICIPAL DEL CUSCO |
||
| 082 |
_a304.28 / _bAR66 |
||
| 100 |
_aAranda Arrieta, Arturo _912747 |
||
| 245 |
_aLucchetti : _bEl mas grave ecocidio en los pantanos de villa / |
||
| 260 |
_aLima : _bAlternativa, _c2002. |
||
| 300 |
_a125 páginas ; _c21 cm. |
||
| 505 | _aContenido : Introducción -- El territorio de los pantanos de villa -- Área natural protegida pantanos de villa -- Instalacion y funcionamiento de la fabrica Lucchetti en el área de los pantanos -- El conflicto con Lucchetti y las acciones contra el ecocidio en los pantanos de villa ... | ||
| 650 |
_aPantanos de villa _924763 |
||
| 650 |
_aEcocidio _924764 |
||
| 650 |
_aLucchetti _924765 |
||
| 942 |
_2ddc _cLIBROS |
||
| 945 | _arah | ||